000 00263nam a2200097Ia 4500
001 879935
005 20250826182612.0
008 250824s9999 xx 000 0 und d
245 0 _aYARIM KALAN HİKAYELER AŞKLAR HAYATLAR
_cERTÜRK AKŞUN
260 _bDESTEK YAYINLARI
999 _c879935
_d879935